| 000 | 00715nam a2200217 i 4500 | ||
|---|---|---|---|
| 001 | 66984 | ||
| 003 | ES-MaACL | ||
| 005 | 20230906165923.0 | ||
| 007 | t| | ||
| 008 | 031229s2003 sp ||||0| spa d | ||
| 020 | _a84-87148-41-7 | ||
| 040 |
_aM-BN _bspa _cM-BN |
||
| 080 | _a821.134.2-14"19" | ||
| 100 | 1 |
_aGuerra Vozmediano, María. _960525 |
|
| 245 | 1 | 0 |
_aPoesía / _cMaría Guerra Vozmediano. |
| 250 | _a1ª ed. | ||
| 260 |
_aCeuta : _bConsejería de Educación, Cultura y Deporte, Archivo Central, _c2003. |
||
| 300 |
_a158 p. ; _c23 cm. |
||
| 505 | 8 | _aContiene: Y empecé a caminar ; El mágico lenguaje de septiembre ; Canción del viento ; y Corona poética | |
| 852 |
_aES-MaACL _jL-27494 _bR.133221 |
||
| 999 |
_c66984 _d66984 |
||